UM Logo

Basic nutrition for Filipinos / (Record no. 20056)

MARC details
000 -LEADER
fixed length control field 00706nam a22002057a 4500
008 - FIXED-LENGTH DATA ELEMENTS--GENERAL INFORMATION
fixed length control field 240405b ||||| |||| 00| 0 eng d
020 ## - INTERNATIONAL STANDARD BOOK NUMBER
International Standard Book Number 9711034395
082 ## - DEWEY DECIMAL CLASSIFICATION NUMBER
Classification number DFil 613.299
Item number B29 1988
100 ## - MAIN ENTRY--PERSONAL NAME
Personal name De Guzman, Patrocinio E.
9 (RLIN) 56215
245 ## - TITLE STATEMENT
Title Basic nutrition for Filipinos /
Statement of responsibility, etc. Patrocinio E. De Guzman and three others
250 ## - EDITION STATEMENT
Edition statement 3rd edition.
260 ## - PUBLICATION, DISTRIBUTION, ETC. (IMPRINT)
Place of publication, distribution, etc. Manila :
Name of publisher, distributor, etc. Merriam & Webster, Inc.,
Date of publication, distribution, etc. ©1988.
300 ## - PHYSICAL DESCRIPTION
Extent vi, 415 pages :
Other physical details illustrations ;
Dimensions 25 cm.
500 ## - GENERAL NOTE
General note Includes index.
650 ## - SUBJECT ADDED ENTRY--TOPICAL TERM
Topical term or geographic name as entry element Nutrition.
9 (RLIN) 56508
700 ## - ADDED ENTRY--PERSONAL NAME
Personal name Claudio, Virginia S.
Relator term author.
9 (RLIN) 56216
700 ## - ADDED ENTRY--PERSONAL NAME
Personal name Oliveros, Moninia S.
Relator term author.
9 (RLIN) 56217
700 ## - ADDED ENTRY--PERSONAL NAME
Personal name Dimaano, Gemma P.
Relator term author.
9 (RLIN) 56218
942 ## - ADDED ENTRY ELEMENTS (KOHA)
Source of classification or shelving scheme Dewey Decimal Classification
Koha item type Filipiniana
Holdings
Withdrawn status Lost status Source of classification or shelving scheme Damaged status Not for loan Collection code Home library Current library Date acquired Source of acquisition Total Checkouts Full call number Barcode Date last seen Price effective from Koha item type
    Dewey Decimal Classification     Filipiniana UM Digos College - LIC UM Digos College - LIC 10/03/1994 Purchased   DFil 613.2599 B29 1988 11611 05/15/2025 04/05/2024 Filipiniana